000 00472nam a2200133Ia 4500
008 100328s9999 xx 000 0 und d
082 _b73556
100 _aठाकूर दिलीप.
245 _aस्थित्यंतरातील सिनेमा.
260 _bसायली.
630 _aस्थित्यंतरातील सिनेमा.
730 _aस्थित्यंतरातील सिनेमा.
942 _cBOOK
999 _c559277
_d559274